مكتبة جامعة عجلون الوطنية

فهرس بحث المكتبة

الأثر القانوني المترتب على القرار الإداري الالكتروني = the legal Effect of the Electronic Administrative Decision (Record no. 31228)

MARC details
000 -LEADER
fixed length control field 01135nam a2200241Ii 4500
003 - CONTROL NUMBER IDENTIFIER
control field JO-AjNU
005 - DATE AND TIME OF LATEST TRANSACTION
control field 20240626140502.0
008 - FIXED-LENGTH DATA ELEMENTS--GENERAL INFORMATION
fixed length control field 230605s9999||||xx |||||||||||||| ||und||
040 ## - CATALOGING SOURCE
Original cataloging agency JO-AjNU
Language of cataloging ara
Description conventions rda
Transcribing agency JO-AjNU
041 ## - LANGUAGE CODE
Language code of text/sound track or separate title ara
050 14 - LIBRARY OF CONGRESS CALL NUMBER
Classification number JF1525 2021
100 ## - MAIN ENTRY--PERSONAL NAME
Personal name الجراح، محمد عوني عبد الله
Relator term معد
9 (RLIN) 65714
245 00 - TITLE STATEMENT
Title الأثر القانوني المترتب على القرار الإداري الالكتروني = the legal Effect of the Electronic Administrative Decision
Statement of responsibility, etc. / اعداد محمد عوني عبد الله الجراح ؛ اشراف زياد محمد علي الوحشات
264 31 - PRODUCTION, PUBLICATION, DISTRIBUTION, MANUFACTURE, AND COPYRIGHT NOTICE
Place of production, publication, distribution, manufacture 2021
300 ## - PHYSICAL DESCRIPTION
Extent 80 ورقة
336 ## - CONTENT TYPE
Content type term text
Content type code txt
Source rdacontent
337 ## - MEDIA TYPE
Media type term unmediated
Media type code n
Source rdamedia
338 ## - CARRIER TYPE
Carrier type term volume
Carrier type code nc
Source rdacarrier
500 ## - GENERAL NOTE
General note رسالة جامعية(اطروحة ماجستير) جامعة عجلون الوطنية: كلية الحقوق، تخصص القانون، 2021
650 #4 - SUBJECT ADDED ENTRY--TOPICAL TERM
Topical term or geographic name entry element القراات الادارية -معالجة بيانات
9 (RLIN) 61227
700 ## - ADDED ENTRY--PERSONAL NAME
Personal name زياد محمد علي الوحشات
Relator term مشرف
9 (RLIN) 65715
942 ## - ADDED ENTRY ELEMENTS (KOHA)
Source of classification or shelving scheme Library of Congress Classification
Koha item type Thesis
Holdings
Withdrawn status Lost status Source of classification or shelving scheme Damaged status Not for loan Home library Current library Shelving location Date acquired Total Checkouts Full call number Barcode Date last seen Price effective from Koha item type
    Library of Congress Classification     مكتبة جامعة عجلون الوطنية مكتبة جامعة عجلون الوطنية المراجع 26/06/2024   JF1525.2021 A27660 06/06/2023 26/06/2024 Thesis
    Library of Congress Classification     مكتبة جامعة عجلون الوطنية مكتبة جامعة عجلون الوطنية   26/06/2024   JF1525.2021 a27661 26/06/2024 26/06/2024 Thesis